[Event "6. Torneo Distrito Chamartin 2017"]
[Site "Madrid ESP"]
[Date "2017.09.07"]
[Round "5.12"]
[White "Gonzalez Aguirre, Luis"]
[Black "Marcos Herrero, Francisco"]
[Result "0-1"]
[WhiteElo "2119"]
[BlackElo "1872"]
[PlyCount "72"]
[EventDate "2017.09.04"]
[EventType "swiss"]
[EventRounds "9"]
[EventCountry "ESP"]
[SourceTitle "Ajedrez en Madrid"]
[Source "lmi"]
[SourceDate "2017.09.04"]
[SourceVersion "1"]
[SourceVersionDate "2018.03.05"]
[SourceQuality "1"]

1. Nf3 c5 2. c4 Nc6 3. Nc3 g6 4. e3 Nf6 5. d4 cxd4 6. exd4 d5 7. cxd5 Nxd5 8.
Qb3 Nxc3 9. Bc4 Nd5 10. Bxd5 e6 11. Bxc6+ bxc6 12. O-O Be7 13. Bh6 f6 14. Be3
Qd5 15. Qc2 Kf7 16. Nd2 Bb7 17. f3 g5 18. Nb3 Rag8 19. Nc5 Bc8 20. b4 f5 21.
Nd3 Bd6 22. Ne5+ Bxe5 23. dxe5 Ba6 24. Rfd1 Qc4 25. Rd7+ Kg6 26. Qd2 Rb8 27.
Qd6 Rhe8 28. Bc5 Qc3 29. Rd1 Be2 30. Qc7 Rh8 31. R1d2 Qc1+ 32. Kf2 Qf1+ 33. Ke3
f4+ 34. Kd4 Qa1+ 35. Ke4 Qb1+ 36. Kd4 Rxb4+ 0-1

[Event "6. Torneo Distrito Chamartin 2017"]
[Site "Madrid ESP"]
[Date "2017.09.07"]
[Round "5.13"]
[White "Aziz Ortego, Omar Luis"]
[Black "Clavero Alarcon, Jose Miguel"]
[Result "1/2-1/2"]
[WhiteElo "2069"]
[BlackElo "1824"]
[PlyCount "85"]
[EventDate "2017.09.04"]
[EventType "swiss"]
[EventRounds "9"]
[EventCountry "ESP"]
[SourceTitle "Ajedrez en Madrid"]
[Source "lmi"]
[SourceDate "2017.09.04"]
[SourceVersion "1"]
[SourceVersionDate "2018.03.05"]
[SourceQuality "1"]

1. c4 c5 2. e4 Nc6 3. Ne2 e5 4. Nbc3 d6 5. d3 g6 6. f4 Bg7 7. g3 Nge7 8. Bg2
Rb8 9. O-O f5 10. Be3 Nd4 11. a4 O-O 12. Kh1 a6 13. Ng1 Bd7 14. fxe5 dxe5 15.
Nd5 Nxd5 16. exd5 h6 17. a5 b5 18. b4 bxc4 19. bxc5 Nc2 20. Qxc2 cxd3 21. Qxd3
Bb5 22. Qd2 Bxf1 23. Bxf1 f4 24. Bf2 e4 25. Rd1 Rb2 26. Qe1 e3 27. Bxe3 fxe3
28. Qxe3 Rxf1 29. Rxf1 Qxd5+ 30. Nf3 Rc2 31. Rf2 Rxc5 32. Rd2 Qc6 33. Kg2 Rxa5
34. h4 Re5 35. Qd3 Rc5 36. Qb3+ Kh7 37. Rd8 Rc4 38. h5 gxh5 39. Kh2 Qe4 40. Nd2
Qe2+ 41. Kh3 Qg4+ 42. Kg2 Qe2+ 43. Kh3 1/2-1/2

[Event "6. Torneo Distrito Chamartin 2017"]
[Site "Madrid ESP"]
[Date "2017.09.07"]
[Round "5.14"]
[White "Ruiz Bellon, Manuel"]
[Black "Lopez de Turiso, Jose Angel"]
[Result "0-1"]
[WhiteElo "1916"]
[BlackElo "2050"]
[PlyCount "66"]
[EventDate "2017.09.04"]
[EventType "swiss"]
[EventRounds "9"]
[EventCountry "ESP"]
[SourceTitle "Ajedrez en Madrid"]
[Source "lmi"]
[SourceDate "2017.09.04"]
[SourceVersion "1"]
[SourceVersionDate "2018.03.05"]
[SourceQuality "1"]

1. Nf3 Nf6 2. g3 g6 3. Bg2 Bg7 4. c4 O-O 5. O-O d6 6. a4 a5 7. d4 Nbd7 8. Nc3
e5 9. e3 exd4 10. exd4 Re8 11. Nd2 Nf8 12. Nb3 Bg4 13. f3 Bf5 14. d5 c6 15. g4
Bc8 16. Bf4 cxd5 17. cxd5 Qb6+ 18. Kh1 Bd7 19. Bg3 Rac8 20. Rb1 Rc4 21. Bf2 Qb4
22. Nd4 Nxg4 23. fxg4 Bxd4 24. b3 Rxc3 25. Bxd4 Rc7 26. h3 f5 27. Rb2 b5 28.
Rbf2 bxa4 29. gxf5 Bxf5 30. bxa4 Nd7 31. Rb2 Qc4 32. Qd2 Be4 33. Bxe4 Qxf1+ 0-1

[Event "6. Torneo Distrito Chamartin 2017"]
[Site "Madrid ESP"]
[Date "2017.09.07"]
[Round "5.15"]
[White "Alonso Abad, Enrique"]
[Black "Blesa Fernandez, Francisco"]
[Result "1/2-1/2"]
[WhiteElo "1923"]
[BlackElo "2010"]
[PlyCount "94"]
[EventDate "2017.09.04"]
[EventType "swiss"]
[EventRounds "9"]
[EventCountry "ESP"]
[SourceTitle "Ajedrez en Madrid"]
[Source "lmi"]
[SourceDate "2017.09.04"]
[SourceVersion "1"]
[SourceVersionDate "2018.03.05"]
[SourceQuality "1"]

1. d4 Nf6 2. Bf4 g6 3. e3 Bg7 4. Nf3 O-O 5. Be2 d6 6. O-O c5 7. c3 Nc6 8. h3
cxd4 9. exd4 Nd5 10. Bg5 h6 11. Bd2 e5 12. Qc1 e4 13. Nh2 Kh7 14. Ng4 f5 15.
Nh2 f4 16. Bg4 Bxg4 17. hxg4 f3 18. Re1 Qh4 19. Rxe4 fxg2 20. f3 Rxf3 21. Nxf3
Qh1+ 22. Kf2 Rf8 23. Rf4 Qxc1 24. Bxc1 Nxf4 25. Be3 d5 26. Nbd2 b5 27. Bxf4
Rxf4 28. Kg3 g5 29. Rg1 Na5 30. Rxg2 Nc4 31. Nxc4 bxc4 32. b3 cxb3 33. axb3 Re4
34. Ra2 Re3 35. Rxa7 Rxc3 36. Rb7 Kg6 37. Rb5 Bxd4 38. Rxd5 Bf6 39. Rb5 h5 40.
gxh5+ Kxh5 41. b4 Rb3 42. Rf5 Be7 43. b5 Bd6+ 44. Kg2 Bf4 45. Rd5 Rb2+ 46. Kg1
Be3+ 47. Kf1 Bf4 1/2-1/2

[Event "6. Torneo Distrito Chamartin 2017"]
[Site "Madrid ESP"]
[Date "2017.09.07"]
[Round "5.16"]
[White "Villar Reymundo, Juan Antonio"]
[Black "Diaz Begonte, Manuel"]
[Result "1-0"]
[WhiteElo "2204"]
[BlackElo "1680"]
[PlyCount "59"]
[EventDate "2017.09.04"]
[EventType "swiss"]
[EventRounds "9"]
[EventCountry "ESP"]
[SourceTitle "Ajedrez en Madrid"]
[Source "lmi"]
[SourceDate "2017.09.04"]
[SourceVersion "1"]
[SourceVersionDate "2018.03.05"]
[SourceQuality "1"]

1. d4 d5 2. c4 c6 3. Nf3 Nf6 4. e3 Bf5 5. Nc3 e6 6. Nh4 Bg4 7. Qb3 Qb6 8. h3
Bh5 9. g4 Bg6 10. Nxg6 hxg6 11. g5 Nfd7 12. Qc2 Be7 13. f4 c5 14. cxd5 Na6 15.
dxe6 Qxe6 16. d5 Nb4 17. dxe6 Nxc2+ 18. Kd1 Nxa1 19. exd7+ Kxd7 20. b3 Rad8 21.
Bb2 Kc6+ 22. Kc1 Nxb3+ 23. axb3 a6 24. Bg2+ Kc7 25. Nd5+ Kd6 26. Bxg7 Rhg8 27.
Be5+ Ke6 28. Rd1 Rd7 29. h4 f5 30. gxf6 1-0

[Event "6. Torneo Distrito Chamartin 2017"]
[Site "Madrid ESP"]
[Date "2017.09.07"]
[Round "5.18"]
[White "Zhou, Lulu"]
[Black "De la Aldea Martin, Alvaro"]
[Result "1-0"]
[WhiteElo "1928"]
[BlackElo "1605"]
[PlyCount "81"]
[EventDate "2017.09.04"]
[EventType "swiss"]
[EventRounds "9"]
[EventCountry "ESP"]
[SourceTitle "Ajedrez en Madrid"]
[Source "lmi"]
[SourceDate "2017.09.04"]
[SourceVersion "1"]
[SourceVersionDate "2018.03.05"]
[SourceQuality "1"]

1. e4 e5 2. Nf3 Nc6 3. Bb5 Nf6 4. O-O d6 5. d4 exd4 6. Nxd4 Bd7 7. Nc3 Be7 8.
Re1 O-O 9. Bf1 Ne5 10. f4 Ng6 11. h3 a6 12. a4 c5 13. Nf3 Bc6 14. Nd5 Nxd5 15.
exd5 Bd7 16. Bd3 f5 17. g3 Rc8 18. c3 c4 19. Bf1 Bf6 20. Be3 b5 21. axb5 Bxb5
22. Bd4 Qd7 23. Bxf6 Rxf6 24. Nd4 Nf8 25. Bg2 Qf7 26. Qd2 Rg6 27. Qf2 Rf6 28.
Nxb5 axb5 29. Qb6 Rc5 30. Ra5 Qg6 31. Kh2 h5 32. h4 Rf7 33. Rxb5 Nd7 34. Qd8+
Kh7 35. Rxc5 Nxc5 36. Re8 Qf6 37. Rh8+ Kg6 38. Qg8 Rb7 39. Qh7+ Kf7 40. Qxh5+
Ke7 41. Qe8# 1-0

[Event "6. Torneo Distrito Chamartin 2017"]
[Site "Madrid ESP"]
[Date "2017.09.07"]
[Round "5.19"]
[White "Fernandez Aransay, Fernando"]
[Black "Osuna Osuna, Francisco"]
[Result "1-0"]
[WhiteElo "1844"]
[BlackElo "1574"]
[PlyCount "101"]
[EventDate "2017.09.04"]
[EventType "swiss"]
[EventRounds "9"]
[EventCountry "ESP"]
[SourceTitle "Ajedrez en Madrid"]
[Source "lmi"]
[SourceDate "2017.09.04"]
[SourceVersion "1"]
[SourceVersionDate "2018.03.05"]
[SourceQuality "1"]

1. e4 d5 2. exd5 Qxd5 3. d4 Nc6 4. Nf3 Bg4 5. Be2 Nf6 6. O-O O-O-O 7. c4 Qh5 8.
Be3 e5 9. d5 e4 10. Nd4 Bxe2 11. Qxe2 Nxd4 12. Qxh5 Nxh5 13. Bxd4 Nf6 14. Nc3
Bb4 15. Bxf6 gxf6 16. Nxe4 Be7 17. a3 f5 18. Nc3 a6 19. Rfe1 Bf6 20. Rac1 Bxc3
21. Rxc3 Rhe8 22. Kf1 Re4 23. f3 Rxe1+ 24. Kxe1 Rg8 25. Kf2 f4 26. Rc2 Rg6 27.
Re2 c6 28. dxc6 Rxc6 29. Re4 Rb6 30. b4 Rf6 31. c5 Kc7 32. Re7+ Kc6 33. g3
fxg3+ 34. hxg3 b6 35. cxb6 Kxb6 36. Re5 Rc6 37. f4 Rc2+ 38. Kf3 Rc3+ 39. Re3
Rxe3+ 40. Kxe3 Kb5 41. Kd4 Ka4 42. Kc4 Kxa3 43. g4 h6 44. f5 Ka4 45. f6 Ka3 46.
b5 axb5+ 47. Kxb5 Kb3 48. Kc5 Kc3 49. Kd6 Kd4 50. Ke7 Ke5 51. Kxf7 1-0

[Event "6. Torneo Distrito Chamartin 2017"]
[Site "Madrid ESP"]
[Date "2017.09.07"]
[Round "5.20"]
[White "Calvo De Castro, Miguel"]
[Black "Yaniz Lana, Francisco Javier"]
[Result "1-0"]
[WhiteElo "1836"]
[BlackElo "1572"]
[PlyCount "61"]
[EventDate "2017.09.04"]
[EventType "swiss"]
[EventRounds "9"]
[EventCountry "ESP"]
[SourceTitle "Ajedrez en Madrid"]
[Source "lmi"]
[SourceDate "2017.09.04"]
[SourceVersion "1"]
[SourceVersionDate "2018.03.05"]
[SourceQuality "1"]

1. d4 d5 2. c4 c6 3. e3 Bf5 4. Nf3 Nf6 5. Nbd2 Bg6 6. Nh4 Bh5 7. Qb3 Qc8 8.
Nhf3 Nbd7 9. Bd3 e6 10. O-O Bd6 11. Qc3 Qb8 12. h3 e5 13. dxe5 Nxe5 14. Nxe5
Bxe5 15. Qc2 Bg6 16. Nf3 Bc7 17. cxd5 Nxd5 18. Bd2 O-O 19. Rfd1 Qc8 20. Rac1 a5
21. Be1 Re8 22. Bxg6 hxg6 23. Rxd5 cxd5 24. Qxc7 Qe6 25. Bc3 Qe4 26. Qxb7 Rad8
27. Qb6 g5 28. Nxg5 Qc4 29. Qa7 d4 30. exd4 Rxd4 31. Qxd4 1-0

[Event "6. Torneo Distrito Chamartin 2017"]
[Site "Madrid ESP"]
[Date "2017.09.07"]
[Round "5.21"]
[White "Santamaria Baeza, Adolfo"]
[Black "Centeno Mateos, Domingo"]
[Result "1-0"]
[WhiteElo "1796"]
[BlackElo "1349"]
[PlyCount "45"]
[EventDate "2017.09.04"]
[EventType "swiss"]
[EventRounds "9"]
[EventCountry "ESP"]
[SourceTitle "Ajedrez en Madrid"]
[Source "lmi"]
[SourceDate "2017.09.04"]
[SourceVersion "1"]
[SourceVersionDate "2018.03.05"]
[SourceQuality "1"]

1. e4 c5 2. Nf3 d6 3. d4 cxd4 4. Qxd4 Nc6 5. Bb5 e5 6. Qc4 Bd7 7. Nc3 Be7 8.
Nd5 a6 9. Bxc6 Bxc6 10. Be3 Bxd5 11. Qxd5 Qc7 12. Ng5 Bxg5 13. Bxg5 f6 14. Be3
Ne7 15. Qb3 b5 16. Rd1 Rd8 17. O-O Nc6 18. Rd3 Na5 19. Qe6+ Kf8 20. Rc3 Qd7 21.
Qxd7 Rxd7 22. Rc8+ Kf7 23. Rxh8 1-0

[Event "6. Torneo Distrito Chamartin 2017"]
[Site "Madrid ESP"]
[Date "2017.09.07"]
[Round "5.23"]
[White "Lopez Garcia, Rafael"]
[Black "Martinez Miura, Enrique"]
[Result "0-1"]
[WhiteElo "1392"]
[BlackElo "1684"]
[PlyCount "58"]
[EventDate "2017.09.04"]
[EventType "swiss"]
[EventRounds "9"]
[EventCountry "ESP"]
[SourceTitle "Ajedrez en Madrid"]
[Source "lmi"]
[SourceDate "2017.09.04"]
[SourceVersion "1"]
[SourceVersionDate "2018.03.05"]
[SourceQuality "1"]

1. d4 e6 2. Nf3 d5 3. e3 Nf6 4. Bd3 Be7 5. Nbd2 Nbd7 6. b3 O-O 7. O-O b6 8. Bb2
Bb7 9. Ne5 Nxe5 10. dxe5 Nd7 11. f4 Nc5 12. Be2 f5 13. exf6 Bxf6 14. Bxf6 Qxf6
15. Bf3 Rad8 16. Qc1 Qc3 17. Re1 d4 18. exd4 Qxd4+ 19. Kh1 Qxd2 20. Bxb7 Qxc1
21. Raxc1 Nxb7 22. Rxe6 Rxf4 23. g3 Rfd4 24. Kg2 Rd1 25. Rxd1 Rxd1 26. c4 Rd2+
27. Kh3 Kf7 28. Rc6 Rd7 29. b4 Rd8 0-1

[Event "6. Torneo Distrito Chamartin 2017"]
[Site "Madrid ESP"]
[Date "2017.09.07"]
[Round "5.24"]
[White "Callejo Hernanz, Jesus Maria"]
[Black "Algaba Traspuesto, Jose Antonio"]
[Result "1-0"]
[WhiteElo "1820"]
[BlackElo "1566"]
[PlyCount "45"]
[EventDate "2017.09.04"]
[EventType "swiss"]
[EventRounds "9"]
[EventCountry "ESP"]
[SourceTitle "Ajedrez en Madrid"]
[Source "lmi"]
[SourceDate "2017.09.04"]
[SourceVersion "1"]
[SourceVersionDate "2018.03.05"]
[SourceQuality "1"]

1. d4 d5 2. Nf3 Nf6 3. g3 Bf5 4. Bg2 e6 5. O-O Be7 6. c4 c6 7. Nc3 h6 8. Bf4
Nbd7 9. cxd5 Nxd5 10. Nxd5 exd5 11. Rc1 O-O 12. a3 Be4 13. b4 Rc8 14. Qb3 Qb6
15. Bh3 Bxf3 16. Qxf3 Rcd8 17. Rfd1 Nf6 18. Bf5 Ne8 19. Qe3 Nd6 20. Bb1 Bf6 21.
Bxh6 gxh6 22. Qxh6 Bg7 23. Qh7# 1-0

[Event "6. Torneo Distrito Chamartin 2017"]
[Site "Madrid ESP"]
[Date "2017.09.07"]
[Round "5.25"]
[White "Castro Contreras, Bruno"]
[Black "Lizon Martinez, Santiago"]
[Result "0-1"]
[WhiteElo "1378"]
[BlackElo "1750"]
[PlyCount "87"]
[EventDate "2017.09.04"]
[EventType "swiss"]
[EventRounds "9"]
[EventCountry "ESP"]
[SourceTitle "Ajedrez en Madrid"]
[Source "lmi"]
[SourceDate "2017.09.04"]
[SourceVersion "1"]
[SourceVersionDate "2018.03.05"]
[SourceQuality "1"]

1. d4 Nf6 2. c4 e6 3. Nc3 Bb4 4. Bd2 b6 5. e3 Bb7 6. Nf3 d6 7. Qa4+ Nc6 8. d5
Bxc3 9. dxc6 Bxd2+ 10. Nxd2 Bc8 11. Be2 O-O 12. O-O e5 13. Bf3 Qe8 14. e4 Bb7
15. b4 Qxc6 16. Qxc6 Bxc6 17. b5 Bb7 18. a4 a5 19. Rfe1 Nd7 20. Bg4 Nc5 21. f3
g6 22. g3 f5 23. Bh3 fxe4 24. Nxe4 Bxe4 25. fxe4 Rf6 26. Bg2 Raf8 27. Ra2 Kg7
28. Re3 h6 29. Rc3 g5 30. Re3 h5 31. Kh1 Rf2 32. Rea3 R2f6 33. Kg1 Kg6 34. Bh3
g4 35. Bg2 Kg5 36. Re3 Ne6 37. Rd2 Nc5 38. Ra2 Ne6 39. Rd2 h4 40. gxh4+ Kxh4
41. Ra2 Nf4 42. Kh1 Nh3 43. Re1 Rf2 44. Bxh3 0-1

[Event "6. Torneo Distrito Chamartin 2017"]
[Site "Madrid ESP"]
[Date "2017.09.07"]
[Round "5.26"]
[White "Serrera Sanchez Romo, Sergio"]
[Black "Ferrando Marti, Roberto"]
[Result "1-0"]
[WhiteElo "1684"]
[BlackElo "1552"]
[PlyCount "103"]
[EventDate "2017.09.04"]
[EventType "swiss"]
[EventRounds "9"]
[EventCountry "ESP"]
[SourceTitle "Ajedrez en Madrid"]
[Source "lmi"]
[SourceDate "2017.09.04"]
[SourceVersion "1"]
[SourceVersionDate "2018.03.05"]
[SourceQuality "1"]

1. c4 e5 2. Nc3 Nf6 3. g3 Nc6 4. Bg2 d6 5. d3 h6 6. a3 Be6 7. Nf3 Be7 8. O-O
Rb8 9. Rb1 O-O 10. e4 Qc8 11. Nd5 Bh3 12. Nxf6+ Bxf6 13. Be3 Bxg2 14. Kxg2 Nd4
15. Bxd4 exd4 16. b4 b5 17. cxb5 Rxb5 18. Qc2 Qb7 19. Rfc1 Rc8 20. Qc6 Qxc6 21.
Rxc6 Rb7 22. Rbc1 Rb6 23. Nd2 Rxc6 24. Rxc6 Kf8 25. Nb3 Ke8 26. Rc4 c5 27. bxc5
dxc5 28. Nxc5 Be7 29. Nb3 Rxc4 30. dxc4 d3 31. a4 Kd7 32. f4 Kc6 33. Kf1 d2 34.
Ke2 d1=Q+ 35. Kxd1 Bc5 36. h3 Bf2 37. g4 Be3 38. f5 Kd6 39. Ke2 Bb6 40. Kf3 a6
41. Kf4 g5+ 42. fxg6 fxg6 43. c5+ Bxc5 44. Nxc5 Kxc5 45. Ke5 Kb4 46. Kd5 Kxa4
47. e5 Kb4 48. e6 a5 49. e7 a4 50. e8=Q a3 51. Qe1+ Kb3 52. Qb1+ 1-0

[Event "6. Torneo Distrito Chamartin 2017"]
[Site "Madrid ESP"]
[Date "2017.09.07"]
[Round "5.27"]
[White "Martinez Pintor, Juan"]
[Black "Picazo Sancho, Carolina"]
[Result "1-0"]
[WhiteElo "1661"]
[BlackElo "1486"]
[PlyCount "73"]
[EventDate "2017.09.04"]
[EventType "swiss"]
[EventRounds "9"]
[EventCountry "ESP"]
[SourceTitle "Ajedrez en Madrid"]
[Source "lmi"]
[SourceDate "2017.09.04"]
[SourceVersion "1"]
[SourceVersionDate "2018.03.05"]
[SourceQuality "1"]

1. d4 g6 2. c4 Nf6 3. Nc3 Bg7 4. e4 d6 5. h3 O-O 6. Nf3 Nbd7 7. Be3 e5 8. dxe5
dxe5 9. Qc2 b6 10. Rd1 Qe7 11. Nd5 Nxd5 12. cxd5 Nf6 13. Bd3 Bb7 14. O-O Kh8
15. Bb5 a6 16. Ba4 Rac8 17. Rfe1 b5 18. Bb3 Nh5 19. Bc5 Qf6 20. Bxf8 Bxf8 21.
Qc3 Bd6 22. Qe3 Ra8 23. Qg5 Qxg5 24. Nxg5 Kg7 25. Nf3 a5 26. a4 bxa4 27. Bxa4
Bb4 28. Re2 Bd6 29. Rc1 Rc8 30. Rec2 Nf4 31. Bb5 Nh5 32. Bd7 Rf8 33. Rxc7 Bxc7
34. Rxc7 Ba8 35. Nxe5 Nf6 36. f3 Nxd7 37. Nxd7 1-0

[Event "6. Torneo Distrito Chamartin 2017"]
[Site "Madrid ESP"]
[Date "2017.09.07"]
[Round "5.28"]
[White "Sanchez Lucena, Juan"]
[Black "Gallego Romero, Manuel"]
[Result "0-1"]
[WhiteElo "1449"]
[BlackElo "1475"]
[PlyCount "74"]
[EventDate "2017.09.04"]
[EventType "swiss"]
[EventRounds "9"]
[EventCountry "ESP"]
[SourceTitle "Ajedrez en Madrid"]
[Source "lmi"]
[SourceDate "2017.09.04"]
[SourceVersion "1"]
[SourceVersionDate "2018.03.05"]
[SourceQuality "1"]

1. d4 d5 2. Nf3 c6 3. e3 e6 4. a3 Nf6 5. c4 Bd6 6. b4 O-O 7. Bb2 Nbd7 8. Nc3
Re8 9. cxd5 exd5 10. Ne2 Ne4 11. Ng3 Ndf6 12. Be2 Bc7 13. Bd3 Bg4 14. Rc1 h6
15. Be2 Qb8 16. Nxe4 Nxe4 17. g3 Bh3 18. Bf1 Bxf1 19. Kxf1 Qc8 20. Ke2 Qg4 21.
Rc2 Ng5 22. Kd3 Qxf3 23. Re2 Qf5+ 24. Kd2 Ne4+ 25. Ke1 Qf3 26. Rf1 a5 27. Qb3
axb4 28. axb4 Nd6 29. Rc2 Nc4 30. Bc1 Ra3 31. Qb1 Rd3 32. Re2 Rxd4 33. Qc2 Rde4
34. Qd3 Ne5 35. Qa3 Rxb4 36. Bd2 Rb1+ 37. Bc1 Rxc1+ 0-1

[Event "6. Torneo Distrito Chamartin 2017"]
[Site "Madrid ESP"]
[Date "2017.09.07"]
[Round "5.29"]
[White "Martin Rodriguez, Jose Luis"]
[Black "Sanchez Rivero, Miguel"]
[Result "0-1"]
[WhiteElo "1291"]
[BlackElo "1716"]
[PlyCount "108"]
[EventDate "2017.09.04"]
[EventType "swiss"]
[EventRounds "9"]
[EventCountry "ESP"]
[SourceTitle "Ajedrez en Madrid"]
[Source "lmi"]
[SourceDate "2017.09.04"]
[SourceVersion "1"]
[SourceVersionDate "2018.03.05"]
[SourceQuality "1"]

1. c4 e5 2. Nc3 Nc6 3. Nf3 Nf6 4. g3 d5 5. cxd5 Nxd5 6. d3 Be7 7. Bg2 Be6 8.
O-O O-O 9. a3 Qd7 10. Re1 h6 11. Qc2 Bf6 12. Ne4 Be7 13. b4 f6 14. Bb2 Rac8 15.
Reb1 Nb8 16. Qd2 Qb5 17. d4 Nb6 18. Nc5 Bxc5 19. bxc5 Nc4 20. Qb4 Qxb4 21. axb4
Bf5 22. Bc3 Bxb1 23. Rxb1 e4 24. Nd2 Nxd2 25. Bxd2 Rcd8 26. e3 f5 27. Bf1 Nd7
28. Ra1 a6 29. b5 axb5 30. Bxb5 Nxc5 31. Bb4 Nd7 32. Bxd7 Rxd7 33. Bxf8 Kxf8
34. Kf1 Ke7 35. Ke1 Kd6 36. Kd2 c5 37. Ra4 Kc6 38. Kc3 cxd4+ 39. Rxd4 Rxd4 40.
Kxd4 Kb6 41. Ke5 Kc5 42. Kxf5 b5 43. Kxe4 b4 44. Kf5 b3 45. Kg6 b2 46. Kxg7
b1=Q 47. Kxh6 Qf5 48. f4 Kd5 49. e4+ Qxe4 50. h4 Qf5 51. Kg7 Ke6 52. Kh6 Kf6
53. h5 Qd7 54. g4 Qg7# 0-1

[Event "6. Torneo Distrito Chamartin 2017"]
[Site "Madrid ESP"]
[Date "2017.09.07"]
[Round "5.30"]
[White "Enriquez Pastor, Jorge"]
[Black "Perdiguero Herreros, Alejandro"]
[Result "1-0"]
[WhiteElo "1472"]
[BlackElo "1263"]
[PlyCount "117"]
[EventDate "2017.09.04"]
[EventType "swiss"]
[EventRounds "9"]
[EventCountry "ESP"]
[SourceTitle "Ajedrez en Madrid"]
[Source "lmi"]
[SourceDate "2017.09.04"]
[SourceVersion "1"]
[SourceVersionDate "2018.03.05"]
[SourceQuality "1"]

1. e4 c5 2. c4 Nc6 3. Ne2 g6 4. d4 cxd4 5. Nxd4 Bg7 6. Be3 d6 7. Nc3 Nf6 8. Rc1
O-O 9. Be2 Nxd4 10. Bxd4 b6 11. O-O Bb7 12. Bf3 Rc8 13. b3 Ne8 14. Bxg7 Nxg7
15. Re1 f5 16. exf5 Bxf3 17. Qxf3 Rxf5 18. Qe4 Rc7 19. Nd5 Re5 20. Qf3 Rf5 21.
Qg4 Rd7 22. Qd4 e6 23. Ne3 Rh5 24. Qc3 Rf7 25. f3 Qh4 26. Ng4 Rf4 27. h3 Rhf5
28. Rf1 Kf8 29. Qd3 Ke7 30. Rcd1 Ne8 31. Qd2 h5 32. Qf2 Qxf2+ 33. Nxf2 Ra5 34.
Nd3 Rd4 35. Nb4 Rxd1 36. Rxd1 Rc5 37. Nd3 Rf5 38. Kf2 Kf6 39. Nb4 Nc7 40. Rxd6
Ke7 41. Rd2 Rc5 42. g3 a5 43. Nd3 Rg5 44. f4 Rf5 45. Ne5 Rxe5 46. fxe5 b5 47.
c5 Na6 48. c6 Kf8 49. Rc2 Nc7 50. a3 Kg7 51. Rc5 Kh6 52. a4 bxa4 53. bxa4 Kg5
54. Rxa5 Nd5 55. Ra7 h4 56. gxh4+ Kxh4 57. c7 Nxc7 58. Rxc7 Kxh3 59. a5 1-0

[Event "6. Torneo Distrito Chamartin 2017"]
[Site "Madrid ESP"]
[Date "2017.09.07"]
[Round "6.1"]
[White "Sanchez Jerez, Emilio Miguel"]
[Black "Quispe Arteaga, Gabriel"]
[Result "1-0"]
[WhiteElo "2140"]
[BlackElo "2197"]
[PlyCount "71"]
[EventDate "2017.09.04"]
[EventType "swiss"]
[EventRounds "9"]
[EventCountry "ESP"]
[SourceTitle "Ajedrez en Madrid"]
[Source "lmi"]
[SourceDate "2017.09.04"]
[SourceVersion "1"]
[SourceVersionDate "2018.03.05"]
[SourceQuality "1"]

1. e4 c5 2. Nf3 Nc6 3. c3 d5 4. exd5 Qxd5 5. d4 Bg4 6. Be2 cxd4 7. cxd4 e6 8.
Nc3 Qa5 9. O-O Nf6 10. h3 Bh5 11. a3 Be7 12. Be3 O-O 13. b4 Qd8 14. Qb3 Bxf3
15. Bxf3 Nxd4 16. Bxd4 Qxd4 17. Bxb7 Rab8 18. Bf3 Bd6 19. Rfd1 Qf4 20. Ne2 Qh2+
21. Kf1 Rfc8 22. g3 Bxg3 23. Nxg3 Qxh3+ 24. Kg1 h5 25. Rd4 Ng4 26. Bxg4 hxg4
27. Rad1 Rc7 28. Qb1 f5 29. Qa2 Kh7 30. Qxe6 Rf8 31. Rd7 Rxd7 32. Rxd7 f4 33.
Qe7 Rg8 34. Qe4+ Kh8 35. Qxf4 Re8 36. Rd1 1-0

[Event "6. Torneo Distrito Chamartin 2017"]
[Site "Madrid ESP"]
[Date "2017.09.07"]
[Round "6.2"]
[White "Gomez Peco, Pablo"]
[Black "Rottenwohrer Suarez, Juan"]
[Result "1/2-1/2"]
[WhiteElo "2192"]
[BlackElo "2180"]
[PlyCount "162"]
[EventDate "2017.09.04"]
[EventType "swiss"]
[EventRounds "9"]
[EventCountry "ESP"]
[SourceTitle "Ajedrez en Madrid"]
[Source "lmi"]
[SourceDate "2017.09.04"]
[SourceVersion "1"]
[SourceVersionDate "2018.03.05"]
[SourceQuality "1"]

1. d4 Nf6 2. c4 g6 3. Nc3 Bg7 4. e4 d6 5. Nge2 O-O 6. Ng3 h5 7. h4 Nc6 8. d5
Ne5 9. Be2 c6 10. Nf1 cxd5 11. cxd5 Bd7 12. Ne3 b5 13. f3 Qb6 14. a4 b4 15. Nb5
Rfc8 16. Nf1 Bxb5 17. axb5 Nc4 18. Qb3 Qxb5 19. Nd2 Nxd2 20. Bxd2 Qc5 21. Qxb4
Qxb4 22. Bxb4 Nd7 23. Bb5 Bxb2 24. Rb1 Ne5 25. Ba6 Rc1+ 26. Rxc1 Bxc1 27. Kf2
Bb2 28. Bd2 Bd4+ 29. Kg3 Rb8 30. Ba5 Rb3 31. Bd8 Ng4 32. Rf1 Be5+ 33. Kh3 Kf8
34. g3 Nf6 35. f4 Bd4 36. Rd1 Bb6 37. Bxb6 Rxb6 38. Bd3 Rb2 39. Rb1 Rd2 40. Bf1
Nxe4 41. Bg2 Nf2+ 42. Kh2 Ng4+ 43. Kh3 Ne3 44. Bh1 Nxd5 45. Rb8+ Kg7 46. Rb7
Kf6 47. Rxa7 Ne3 48. Bf3 Rf2 49. Bh1 Ng4 50. Bg2 e6 51. Rd7 d5 52. Ra7 Rd2 53.
Rd7 d4 54. Ra7 Ne3 55. Be4 Nd1 56. Bg2 d3 57. Rd7 Nf2+ 58. Kh2 Ng4+ 59. Kh3
Nf2+ 60. Kh2 Nd1 61. Kh3 Nc3 62. Bf3 Na4 63. g4 hxg4+ 64. Bxg4 Nc5 65. Rd4 Rc2
66. Kg3 d2 67. Bd1 Rc1 68. Bf3 Nb3 69. Rd3 Rb1 70. Kf2 Rb2 71. Ke3 Nc5 72. Rxd2
Rxd2 73. Kxd2 Nd7 74. h5 g5 75. Ke3 Nb6 76. h6 gxf4+ 77. Kxf4 Nd5+ 78. Ke4 Kg6
79. Ke5 Kxh6 80. Bg4 Nc7 81. Kf6 Nb5 1/2-1/2

[Event "6. Torneo Distrito Chamartin 2017"]
[Site "Madrid ESP"]
[Date "2017.09.07"]
[Round "6.3"]
[White "Martin Duque, Jesus"]
[Black "Anton Quevedo, Andrea"]
[Result "1-0"]
[WhiteElo "2387"]
[BlackElo "1954"]
[PlyCount "81"]
[EventDate "2017.09.04"]
[EventType "swiss"]
[EventRounds "9"]
[EventCountry "ESP"]
[SourceTitle "Ajedrez en Madrid"]
[Source "lmi"]
[SourceDate "2017.09.04"]
[SourceVersion "1"]
[SourceVersionDate "2018.03.05"]
[SourceQuality "1"]

1. e4 c5 2. Nf3 e6 3. d4 cxd4 4. Nxd4 Nc6 5. Nc3 Qc7 6. Be2 a6 7. Be3 Nf6 8.
O-O b5 9. Nxc6 dxc6 10. f4 Be7 11. Bf3 O-O 12. Qe1 Bb7 13. Qf2 c5 14. e5 Nd7
15. Ne4 Bd5 16. Rfd1 Rac8 17. Rd2 Rfd8 18. Rad1 b4 19. Nd6 Bxd6 20. exd6 Qa5
21. Bxd5 exd5 22. Rxd5 Qxa2 23. Bc1 Qc4 24. b3 Qe4 25. R5d3 Qc6 26. Bb2 c4 27.
Qd4 c3 28. Bc1 a5 29. Rg3 f6 30. Be3 Nc5 31. Qxf6 Rd7 32. Bd4 Qb7 33. Bxc5 Rxc5
34. Qe6+ Kf8 35. Re3 Rc8 36. Rd5 g6 37. f5 Qa7 38. fxg6 Kg7 39. Qe5+ Kg8 40.
gxh7+ Kxh7 41. Qh5+ 1-0